|
|
|
|
| LEADER |
00000cam a2200000 7i4500 |
| 001 |
0000213697 |
| 005 |
20171127.0 |
| 020 |
|
|
|a 9781607539476
|
| 090 |
0 |
0 |
|a JF
|b HEO
|
| 100 |
1 |
|
|a Heos, Bridget
|
| 245 |
1 |
0 |
|a Do you really want to meet an orca?
|c written by Bridget Heos ; illustrated by Daniele Fabbri
|
| 260 |
|
|
|a Mankato, MN :
|b Amicus Illustrated and Amicus Ink ,
|c 2017
|
| 300 |
|
|
|a 24p. :
|b ill. ;
|c 22cm.
|
| 650 |
|
0 |
|a Children's stories
|
| 650 |
|
0 |
|a Killer whale
|
| 700 |
1 |
|
|a Fabbri, Daniele
|
| 999 |
|
|
|a 00346649
|b BUKU
|c PINJAMAN
|e PERPUSTAKAAN KOMUNITI CAW BANDAR UTAMA
|
| 999 |
|
|
|a 00349565
|b BUKU
|c PINJAMAN
|e PERPUSTAKAAN KOMUNITI PETALING JAYA
|